000 00546nam a2200193Ia 4500
003 OSt
005 20220928144543.0
006 a|||||r|||| 00| 0
007 ta
008 220927b |||||||| |||| 00| 0 eng d
024 _a71724
037 _cTextual
040 _aSDCL
_cSDCL
_beng
041 _2eng
_aeng
082 _aG:68n1,N90, N0
245 0 _aADVANCES IN gene technology
_b A research annual. 1V per year. V1 - ; 1990-. This library has V1 - ; 1990
942 _hG:68n1,N90, N0
_cTEXL
_2CC
999 _c827849
_d827849